Normal view
MARC view
Entry Personal Name
001 - CONTROL NUMBER
- control field: 532
003 - CONTROL NUMBER IDENTIFIER
- control field: BD-RjUL
005 - DATE AND TIME OF LATEST TRANSACTION
- control field: 20220105131002.0
008 - FIXED-LENGTH DATA ELEMENTS
- fixed length control field: 220105|| aca||aabn | a|a d
040 ## - CATALOGING SOURCE
- Original cataloging agency: BD-RjUL
- Transcribing agency: BD-RjUL
100 ## - HEADING--PERSONAL NAME
- Personal name: Nashelsky, Louis, jt. auth
670 ## - SOURCE DATA FOUND
- Source citation: Work cat.: (BD-RjUL)14148: Boylestad, Robert L. 44191, Electronic devices and circuit theory /, c2002 [Reprint 2005]